Countries With Decreasing Population - Statistics

General Stats
  • This quiz has been taken 36 times
  • The average score is 27 of 35
Answer Stats
Rate Country % Correct
-0.542% Japan
100%
-0.330% Russia
97%
-0.453% Belarus
91%
-0.802% Bulgaria
91%
-0.298% Estonia
91%
-0.379% Greece
91%
-1.089% Latvia
91%
-0.926% Lithuania
91%
-2.664% Moldova
91%
-1.130% Romania
91%
-0.563% Serbia
91%
-0.091% South Korea
91%
-0.105% Spain
91%
-0.395% Bosnia and Herzegovina
88%
-0.301% Italy
88%
-0.242% Portugal
88%
-0.046% Slovenia
88%
-0.146% Albania
85%
-0.555% Croatia
85%
-1.429% Hungary
85%
-0.000% North Macedonia
85%
-0.044% China
82%
-0.068% Montenegro
82%
-1.754% Poland
82%
-1.406% Slovakia
82%
-0.057% Germany
76%
-0.198% Georgia
70%
-0.110% San Marino
70%
-0.018% Armenia
67%
-0.340% Monaco
61%
-0.188% Cuba
42%
-2.425% Lebanon
42%
-0.041% Jamaica
30%
-0.584% Maldives
18%
-0.066% Palau
15%
No matching quizzes found
Score Distribution
Percent of People with Each Score
Percentile by Number Answered
Your Score History
You have not taken this quiz